Audiència. Vernissatge / de Václav Havel ; traducció de Monika Zgustová ; pròleg de Dalibor Plichta
Descripción Física:
71 p. ; 18 cm
Colección:
Biblioteca teatral ; 71
MARC
| LEADER | 00000nam a2200000Ia 4500 | ||
|---|---|---|---|
| 001 | 8918 | ||
| 008 | 160829s1990 xx 000 0 cat d | ||
| 080 | |a L-1-256 | ||
| 100 | |a Havel, Václav |9 35759 | ||
| 245 | |a Audiència. Vernissatge / de Václav Havel ; traducció de Monika Zgustová ; pròleg de Dalibor Plichta | ||
| 260 | |a Barcelona : |b Institut del Teatre de la Diputació de Barcelona, |c 1990 | ||
| 300 | |a 71 p. ; |c 18 cm | ||
| 490 | |a Biblioteca teatral ; 71 | ||
| 700 | |a Zgustova, Monika |e traductor |9 28556 | ||
| 700 | |a Plichta, Dalibor, pr. |9 35761 |e pròleg | ||
| 710 | 1 | |a Institut del Teatre (Barcelona, Catalunya) |9 52662 | |
| 901 | |a Arxiu | ||
| 942 | |n 1 |2 udc | ||
| 952 | |0 0 |1 0 |4 0 |6 L1256 |7 1 |9 47053 |a Arxiu |b Arxiu |d 2016-12-01 |l 0 |o L-1-256 |p 8918 |r 2016-12-01 00:00:00 |w 2016-12-01 |y ARXIU | ||
| 999 | |c 50846 |d 50846 | ||